| 000 | 00393nam a2200169Ia 4500 | ||
|---|---|---|---|
| 005 | 20250423100123.0 | ||
| 008 | 250422s9999 xx 000 0 und d | ||
| 020 | _a0273649302 | ||
| 050 | _aHD 30.28 .M37/ | ||
| 245 | 0 | _aMastering strategy | |
| 260 | _aLondon | ||
| 260 | _bPearson Education Limited | ||
| 260 | _c2000 | ||
| 300 | _a436 p | ||
| 650 | _aStrategic planning. | ||
| 942 | _cBK | ||
| 999 |
_c32347 _d32347 |
||